00420nam a2200145Ia 4500008004100000020001500041041001200056082001600068100002100084245010100105260002500206300000800231650001600239700001900255221030s9999 xx 000 0 und d a0074639544 aEnglish a105.23bVen aB. Venkataramani 0aMicroprocessors & Peripherals - through OBjective Questionscby B. Venkataramani, P. Somaskandan bTMHaNew Delhic1999 a234 aBE Computer aP. Somaskandan